Zinnirah

Bibliographic Details
Main Author: Syukran Nasrullah bin Shafie
Corporate Author: Title
Format: Book
Published: Kuala Lumpur : Gohamas Marketing , 2005
Series:Koleksi bacaan srikandi Islam
Subjects:

MARC

LEADER 00000cam a2200000 7i4500
001 0000003631
005 20151222.0
008 070719
020 |a 9833116299 
090 0 0 |a JF   |b REG MAL (3343) 
100 0 |a Syukran Nasrullah bin Shafie 
245 1 0 |a Zinnirah   |c Syukran Nasrullah bin Shafie 
260 |a Kuala Lumpur :   |b Gohamas Marketing ,   |c 2005 
440 0 |a Koleksi bacaan srikandi Islam 
500 |a Children ages 7-9 years old (orange) 
650 0 |a Junior fiction   |x Malay   |x Languages 
650 0 |a Religion 
710 0 |a Title 
999 |a 0000907750   |b Book   |c Teenagers   |e Cawangan Bandar Tenggara 
999 |a 0000907751   |b Book   |c Teenagers   |e Cawangan Bandar Tenggara 
999 |a 0000970529   |b Book   |c Children Collection   |e Cawangan Taman Sri Lambak 
999 |a 0000970530   |b Book   |c Children Collection   |e Cawangan Pontian 
999 |a 0000983374   |b Book   |c Children Collection   |e Perbadanan Perpustakaan Awam Johor 
999 |a 0000983375   |b Book   |c Children Collection   |e Cawangan Bukit Gambir 
999 |a 0000983376   |b Book   |c Children Collection   |e Cawangan Tangkak 
999 |a 0000983377   |b Book   |c Children Collection   |e Perbadanan Perpustakaan Awam Johor 
999 |a 0000983378   |b Book   |c Children Collection   |e Cawangan Bandar Penawar